Statistics for Arctic Monkeys Lyrics - Suck It And See

Click here to take the quiz!

General Stats

  • This quiz has been taken 64 times
  • The average score is 179 of 201

Answer Stats

Lyrics% Correct
a
100%
And
100%
and
100%
I
100%
it
100%
see,
100%
Suck
100%
You
100%
you
100%
in
98%
know
98%
me
98%
to
98%
never
96%
the
96%
for
94%
is
94%
like
94%
love
94%
Your
94%
your
94%
are
92%
Be
92%
'cause
92%
cruel
92%
fool
92%
go,
92%
go
92%
just
92%
of
92%
that
92%
am
90%
before
90%
could
90%
girl,
90%
heart",
90%
heart
90%
my
90%
get
88%
girls
88%
next
88%
other
88%
post-
88%
You're
88%
can
87%
dandelion
87%
got
87%
into
87%
leather
87%
poetry
87%
pop
87%
shotgun
87%
Sit
87%
song
87%
That's
87%
that's
87%
you've
87%
aimed
85%
at
85%
burdock
85%
couldn't
85%
creases
85%
kiss,
85%
lemonade
85%
mix
85%
not
85%
rarer
85%
than
85%
those
85%
with
85%
aching
83%
hope
83%
shoes
83%
skirt,
83%
hang
81%
movie
81%
only
81%
poured
81%
put
81%
was
81%
Jigsaw
79%
made
79%
off
79%
rain
79%
women
79%
"Baby,
77%
break
77%
face
77%
headlock
75%
La
75%
says
75%
where
75%
have
73%
horror
73%
sawn-
73%
Shangri-
71%
studded
71%
once
69%
wonder
69%
moon
67%
oh-
67%
oh
67%
upon
67%
Blue
65%
often
65%
How
63%
from
62%

Score Distribution

Percentile by Number Answered

Percent of People with Each Score

Your Score History

You have not taken this quiz